00424nam a2200169 a 450000100060000000300090000600800410001502000150005604000280007108200090009910000150010824500140012326000430013730000100018049000280019065000360021819352CO-ViMGA141112s2004 ck r 000 u spa d a8475100414 aCO-ViMGAbspacCO-ViMGA aGOSg1 aGoscinny, 10aGladiador aBarcelona : bGrijalbo / Dargaud; 1996 a48 p. aUna aventura de Asterix14aCUENTOS INFANTILES DE AVENTURAS